LIBRARY & INFORMATION CENTRE, KCAET, TAVANUR

ONLINE PUBLIC ACCESS CATALOGUE (OPAC)

Allegory of the Fairie Queene / (Record no. 8606)

MARC details
000 -LEADER
fixed length control field 00403cam a2200157ua 4500
041 ## - LANGUAGE CODE
Language code of text/sound track or separate title eng
082 ## - DEWEY DECIMAL CLASSIFICATION NUMBER
Classification number 828.09
Item number PAU/AL
100 ## - MAIN ENTRY--AUTHOR NAME
Personal name Pauline Parker, M .
245 ## - TITLE STATEMENT
Title Allegory of the Fairie Queene /
250 ## - EDITION STATEMENT
Edition statement 1 /
260 ## - PUBLICATION, DISTRIBUTION, ETC. (IMPRINT)
Place of publication London :
Name of publisher Oxford University Press ,
Year of publication 1960.
300 ## - PHYSICAL DESCRIPTION
Number of Pages 326 ; .
942 ## - ADDED ENTRY ELEMENTS (KOHA)
Koha item type Books
Holdings
Withdrawn status Lost status Damaged status Home library Current library Date acquired Cost, normal purchase price Full call number Accession Number Koha item type Public note
Withdrawn     KAUAET Sanskrit University 07/04/2012 35.00 828.09 6702 Books Transferred to Sanskrit University
free website counter